LEADER 01218nam a2200301 i 4500 001 000000258654 003 CaOOAMICUS 005 20251106091142.0 008 180528s2008 it u000 u ita u 013 $a237562 020 $a88-7501-021-8 040 $aSeMil$bita 100 1 $aLapucci, Carlo,$d<1940- >.$0(OLS)http://semarc/name/92486 245 10$aLuigi Guanella :$bparabole di un samaritano /$cCarlo Lapucci. 260 $aRoma :$bNuove Frontiere,$c2008. 300 $a220 p. :$bill. ;$c20 cm. 490 0 $aDocumenti ;$v6 600 14$aGuanella, Luigi .$0(OLS)http://semarc/subject/9717 700 1 $aGuanella, Luigi,$c.$0(OLS)http://semarc/name/1341 830 0$aDocumenti ;$v6.$0(OLS)http://semarc/title/424905 850 $aSeMil 852 $aSeMil$W1$xVenegono$y1$m3H II 478$j209000$B209000$CSeMilBibl$Z2$F222699 $81 941 1 $a7 961 $aOmaggio: Delpini mons. Mario 996 $6020$a88-7501-021-8$9(OLS)http://semarc/number/284027 996 $6245$aLuigi Guanella :$bparabole di un samaritano$9(OLS)http://semarc/title/413578 996 $6260$aRoma :$bNuove Frontiere$9(OLS)http://semarc/publisher/30278 LEADER 00936nam a2200241 i 4500 001 000000156478 003 CaOOAMICUS 005 20061205000000.0 008 061205s1939 fr u000 u fre u 013 $a133833 040 $aSeMil$bita 100 1 $aConstantinus .$0(OLS)http://semarc/name/42268 245 10$aTome 2 :$bLivre 1. 300 $aXI, 193 p., (1-179) doppie. 490 0 $aCollection byzantine 500 $aTesto originale a fronte. 700 1 $aVogt, Albert.$0(OLS)http://semarc/name/41872 773 0 $tLivre des Cérémonies.$dParis : Les Belles Lettres, 1935-1940.$kCollection byzantine$gTome2$w()16949 830 0$aCollection byzantine.$0(OLS)http://semarc/title/22413 850 $aSeMil 852 $aSeMil$W1$xVenegono$y1$m1Z I 213/4$j108241$B108241$CSeMilBibl$Z2$F119084 $81 961 $aOmaggio: Villa don Cesare 996 $6245$aTome 2 :$bLivre 1$9(OLS)http://semarc/title/229357